<?xml version="1.0" encoding="UTF-8"?>
<record
    xmlns:xsi="http://www.w3.org/2001/XMLSchema-instance"
    xsi:schemaLocation="http://www.loc.gov/MARC21/slim http://www.loc.gov/standards/marcxml/schema/MARC21slim.xsd"
    xmlns="http://www.loc.gov/MARC21/slim">

  <leader>01916nam a22001937a 4500</leader>
  <controlfield tag="008">251003b        |||||||| |||| 00| 0 eng d</controlfield>
  <datafield tag="020" ind1=" " ind2=" ">
    <subfield code="a">9781805301233</subfield>
  </datafield>
  <datafield tag="040" ind1=" " ind2=" ">
    <subfield code="c">tbs</subfield>
  </datafield>
  <datafield tag="041" ind1=" " ind2=" ">
    <subfield code="a">eng</subfield>
  </datafield>
  <datafield tag="050" ind1=" " ind2=" ">
    <subfield code="a">BH301.P45 </subfield>
    <subfield code="b">M34 2023</subfield>
  </datafield>
  <datafield tag="100" ind1=" " ind2=" ">
    <subfield code="a">Magsamen, Susan</subfield>
    <subfield code="9">26000</subfield>
    <subfield code="e">author</subfield>
  </datafield>
  <datafield tag="245" ind1=" " ind2=" ">
    <subfield code="a">Your brain on art</subfield>
    <subfield code="b">: how the arts transform us</subfield>
    <subfield code="c">/ by Susan Magsamen and Ivy Ross.</subfield>
  </datafield>
  <datafield tag="260" ind1=" " ind2=" ">
    <subfield code="a">Edinburgh:</subfield>
    <subfield code="b">Canongate Boks, </subfield>
    <subfield code="c">2025.</subfield>
  </datafield>
  <datafield tag="300" ind1=" " ind2=" ">
    <subfield code="a">xvii, 280 pages, 16 unnumbered pages of plates : </subfield>
    <subfield code="b">illustrations (some color) ;</subfield>
    <subfield code="c">20 cm.</subfield>
  </datafield>
  <datafield tag="520" ind1=" " ind2=" ">
    <subfield code="a">Have you ever gotten chills while listening to a particularly gorgeous piece of music? Or felt a sense of calm while gazing at a painting of a serene landscape? We have experiences like those every day, but rarely stop to consider what's happening internally to cause them. In Your Brain on Art, founder of the International Arts + Mind Lab at Johns Hopkins University School of Medicine Susan Magsamen and Google designer Ivy Ross explain how, by understanding how we biologically react to aesthetic experiences, we can not only heal as individuals but thrive as communities. Using the new science of neuroaesthetics, which explores our physiological reactions to art, Magsamen and Ross show us how, for instance, gardening can help a person heal from trauma or listening to a major fifth interval can snap the body out of a fight-or-flight response. Beyond enjoyment and abstraction, art can change the way we operate on a daily, practical level. And, in addition to helping each of us heal from stress, anxiety, burnout, and other malaises of modern life, neuroaesthetics can effect major change in society writ large, whether through public art murals in high-crime areas or music and dance therapy for patients experiencing neurodegenerative disorders.</subfield>
  </datafield>
  <datafield tag="650" ind1=" " ind2="0">
    <subfield code="a">Aesthetics</subfield>
    <subfield code="x">Psychological aspects</subfield>
    <subfield code="9">26001</subfield>
  </datafield>
  <datafield tag="650" ind1=" " ind2="0">
    <subfield code="a">Arts</subfield>
    <subfield code="x">Psychological aspects</subfield>
    <subfield code="9">26002</subfield>
  </datafield>
  <datafield tag="942" ind1=" " ind2=" ">
    <subfield code="2">lcc</subfield>
  </datafield>
  <datafield tag="952" ind1=" " ind2=" ">
    <subfield code="0">0</subfield>
    <subfield code="1">0</subfield>
    <subfield code="2">lcc</subfield>
    <subfield code="4">0</subfield>
    <subfield code="7">0</subfield>
    <subfield code="a">TBS</subfield>
    <subfield code="b">TBS</subfield>
    <subfield code="d">2025-10-03</subfield>
    <subfield code="l">1</subfield>
    <subfield code="m">1</subfield>
    <subfield code="o">BH301.P45 MAG</subfield>
    <subfield code="p">B05743</subfield>
    <subfield code="r">2025-12-22</subfield>
    <subfield code="s">2025-10-09</subfield>
    <subfield code="t">1</subfield>
    <subfield code="w">2025-10-03</subfield>
    <subfield code="y">1</subfield>
    <subfield code="z">WELL COLLECTION</subfield>
  </datafield>
  <datafield tag="999" ind1=" " ind2=" ">
    <subfield code="c">5004</subfield>
    <subfield code="d">5004</subfield>
  </datafield>
</record>
